Fundamentals of Database Management Systems (Record no. 4261)

MARC details
000 -LEADER
fixed length control field 00573nam a22002057a 4500
003 - CONTROL NUMBER IDENTIFIER
control field OSt
005 - DATE AND TIME OF LATEST TRANSACTION
control field 20170215171133.0
008 - FIXED-LENGTH DATA ELEMENTS--GENERAL INFORMATION
fixed length control field 160601b xxu||||| |||| 00| 0 eng d
020 ## - INTERNATIONAL STANDARD BOOK NUMBER
International Standard Book Number 9780471262978
040 ## - CATALOGING SOURCE
Transcribing agency DDC
082 ## - DEWEY DECIMAL CLASSIFICATION NUMBER
Classification number 005.74 GIL 2005
100 ## - MAIN ENTRY--PERSONAL NAME
Personal name Gillenson, Mark L.
9 (RLIN) 9185
245 ## - TITLE STATEMENT
Title Fundamentals of Database Management Systems
260 ## - PUBLICATION, DISTRIBUTION, ETC. (IMPRINT)
Place of publication, distribution, etc. New Jersey; John Wiley, 2005
300 ## - PHYSICAL DESCRIPTION
Extent xvii,366p; col.ill: 26cm
504 ## - BIBLIOGRAPHY, ETC. NOTE
Bibliography, etc References, & index included
650 ## - SUBJECT ADDED ENTRY--TOPICAL TERM
Topical term or geographic name as entry element Database management
9 (RLIN) 508
650 ## - SUBJECT ADDED ENTRY--TOPICAL TERM
Topical term or geographic name as entry element Computer systems
9 (RLIN) 654
942 ## - ADDED ENTRY ELEMENTS (KOHA)
Source of classification or shelving scheme Dewey Decimal Classification
Koha item type Open Shelf
Holdings
Withdrawn status Lost status Source of classification or shelving scheme Damaged status Not for loan Home library Current library Date acquired Source of acquisition Inventory number Total Checkouts Full call number Barcode Date last seen Koha item type Price effective from
    Dewey Decimal Classification     MUST Main Library MUST Main Library 01/06/2016   11/34433   005.74 GIL 2005 2016-2290 01/06/2016 Open Shelf  
    Dewey Decimal Classification     MUST Main Library MUST Main Library 07/09/2016   12/36031   005.74 GIL 2005 2016-4093 07/09/2016 Open Shelf 07/09/2016
    Dewey Decimal Classification     MUST Main Library MUST Main Library 15/02/2017   2011/34435   005.74 GIL 2005 2017-0199 15/02/2017 Open Shelf 15/02/2017
    Dewey Decimal Classification     MUST Main Library MUST Main Library 15/02/2017   2011/34431   005.74 GIL 2005 2017-0200 15/02/2017 Open Shelf 15/02/2017